| 000 | 00772nam a22002657a 4500 | ||
|---|---|---|---|
| 003 | CHAP | ||
| 005 | 20220329135112.0 | ||
| 008 | 971013s r 00010 d | ||
| 010 | _a30963 | ||
| 011 | _a31935 | ||
| 035 | _a36047 | ||
| 040 | _cCHAP | ||
| 090 | _aR-632 | ||
| 100 | 0 | 0 |
_aLisboa e Costa, Paulo. _967079 |
| 245 | _aChimica de guerra | ||
| 500 | _aSobretiro de?: Rev. Farmaceutica de Ouro Preto. 1(5-6):1-15, 1940. | ||
| 590 |
_aBATCH-UPD _b10 _c20130110 _lUCH01 _h2232 |
||
| 590 |
_aBATCH-UPD _b10 _c20130410 _lUCH01 _h1527 |
||
| 590 |
_aBATCH-UPD _b10 _c20130914 _lUCH01 _h1555 |
||
| 590 |
_aCONVERSION _b10 _c20130109 _lUCH01 _h1318 |
||
| 650 | 1 | 4 |
_aGuerra quĂmica. _951158 |
| 901 | _aBK | ||
| 942 | _cREIMP | ||
| 949 |
_aR-632 _bBC _cR _d-83144 _eTS1 _i36047 _si |
||
| 999 |
_c30963 _d30963 |
||